[Event "SLO-chT1 West"]
[Site "Slovenia"]
[Date "2022.10.22"]
[Round "8.2"]
[White "Zidar, Jernej"]
[Black "Marinsek, Denis"]
[Result "0-1"]
[WhiteElo "1665"]
[BlackElo "1854"]
[PlyCount "86"]
[EventDate "2022.10.07"]
[EventType "team-tourn"]
[EventRounds "9"]
[EventCountry "SLO"]
[SourceTitle "EXT 2024"]
[Source "ChessBase"]
[SourceDate "2023.10.10"]
[SourceVersion "1"]
[SourceVersionDate "2023.10.10"]
[SourceQuality "1"]
[WhiteTeam "Komenda"]
[BlackTeam "Vrhnika"]
[WhiteTeamCountry "SLO"]
[BlackTeamCountry "SLO"]

1. d4 Nf6 2. Nf3 g6 3. g3 Bg7 4. Bg2 0-0 5. 0-0 d6 6. c4 Nc6 7. Nc3 e5 8. d5 Ne7 9. e4 Ne8 10. Ne1 f5 11. Nd3 Nf6 12. f4 Ng4 13. h3 exf4 14. Bxf4 Ne5 15. Nxe5 dxe5 16. Be3 fxe4 17. Nxe4 Nf5 18. Bg5 Qe8 19. d6 h6 20. Bc1 cxd6 21. Nxd6 Nxd6 22. Qxd6 Rxf1+ 23. Bxf1 Be6 24. Be3 Rd8 25. Qb4 b6 26. Bg2 Qd7 27. Kh2 Qd3 28. Qe7 Bxc4 29. Rc1 Rf8 30. Rc3 Qe2 31. Qd6 Kh7 32. b3 Ba6 33. Qe7 Rg8 34. Qxa7 Bd3 35. Qb7 Qxe3 36. Qd5 e4 37. Rc7 Qf2 38. Rf7 Qc5 39. Qe6 Rf8 40. Rd7 Bf1 41. Bxe4 Qf2+ 42. Kh1 Qxg3 43. Rd3 Bg2+ 0-1

[Event "SLO-chT1 West"]
[Site "Slovenia"]
[Date "2022.10.09"]
[Round "3.6"]
[White "Marinsek, Denis"]
[Black "Zupan, Gorazd"]
[Result "1-0"]
[WhiteElo "1854"]
[BlackElo "1829"]
[PlyCount "83"]
[EventDate "2022.10.07"]
[EventType "team-tourn"]
[EventRounds "9"]
[EventCountry "SLO"]
[SourceTitle "CBM 210 Extra"]
[Source "ChessBase"]
[SourceDate "2022.11.30"]
[SourceVersion "1"]
[SourceVersionDate "2022.11.30"]
[SourceQuality "1"]
[WhiteTeam "Vrhnika"]
[BlackTeam "Kranj Stari Mayr"]
[WhiteTeamCountry "SLO"]
[BlackTeamCountry "SLO"]

1. d4 d5 2. c4 e6 3. Nf3 Nf6 4. Nc3 Bb4 5. Bg5 h6 6. Bh4 dxc4 7. e3 b5 8. Be2 Bb7 9. 0-0 a6 10. Ne5 Bxc3 11. bxc3 g5 12. Bg3 Ne4 13. Bh5 0-0 14. Rc1 Nd7 15. f4 Nxg3 16. hxg3 Nxe5 17. fxe5 Be4 18. Rf6 Kg7 19. Bf3 Qd5 20. Bxe4 Qxe4 21. Kf2 Rh8 22. Qh5 Raf8 23. Rh1 Qc2+ 24. Kf3 Qh7 25. e4 a5 26. Ke3 c6 27. a3 Kg8 28. Qf3 Qg7 29. g4 Rb8 30. Rf1 Rh7 31. d5 cxd5 32. exd5 Rd8 33. d6 Qf8 34. Qb7 Rb8 35. Qc7 Qe8 36. Rxf7 Rxf7 37. Rxf7 Qxf7 38. Qxb8+ Kg7 39. Qc7 a4 40. Kd4 Kf8 41. Qxf7+ Kxf7 42. Kc5 1-0

[Event "Nova Gorica op 25th"]
[Site "Nova Gorica"]
[Date "2020.01.30"]
[Round "9"]
[White "Marinsek, Denis"]
[Black "Milicevic, Zoran1111"]
[Result "1/2-1/2"]
[WhiteElo "1894"]
[BlackElo "1585"]
[PlyCount "69"]
[EventDate "2020.01.24"]
[EventType "swiss"]
[EventRounds "9"]
[EventCountry "SLO"]
[SourceTitle "CBM 194"]
[Source "ChessBase"]
[SourceDate "2020.01.27"]
[SourceVersion "1"]
[SourceVersionDate "2020.01.27"]
[SourceQuality "1"]

1. d4 d6 2. c4 Nf6 3. Nf3 g6 4. Nc3 Bg7 5. e4 Bg4 6. h3 Bxf3 7. Qxf3 c6 8. Bd3 Nbd7 9. 0-0 0-0 10. Be3 a6 11. a4 a5 12. Qe2 e5 13. d5 c5 14. Nb5 Nb8 15. f4 exf4 16. Bxf4 Ne8 17. e5 Bxe5 18. Bxe5 dxe5 19. Qxe5 Na6 20. Rae1 Nac7 21. Nc3 Nd6 22. Qf4 Qd7 23. h4 Rae8 24. Rxe8 Ncxe8 25. h5 f5 26. h6 Nf6 27. Qg5 Kh8 28. Re1 Ng4 29. Re6 Re8 30. Ne2 Rxe6 31. dxe6 Qxe6 32. Qd8+ Qe8 33. Qxd6 Qe3+ 34. Kh1 Qxh6+ 35. Kg1 1/2-1/2

[Event "Nova Gorica op 25th"]
[Site "Nova Gorica"]
[Date "2020.01.27"]
[Round "6"]
[White "Risteski, Emil"]
[Black "Marinsek, Denis"]
[Result "1-0"]
[WhiteElo "2154"]
[BlackElo "1894"]
[PlyCount "69"]
[EventDate "2020.01.24"]
[EventType "swiss"]
[EventRounds "9"]
[EventCountry "SLO"]
[SourceTitle "CBM 194"]
[Source "ChessBase"]
[SourceDate "2020.01.27"]
[SourceVersion "1"]
[SourceVersionDate "2020.01.27"]
[SourceQuality "1"]

1. e4 e6 2. d4 d5 3. Nd2 Nf6 4. e5 Nfd7 5. Bd3 c5 6. c3 Nc6 7. Ngf3 Qb6 8. 0-0 cxd4 9. cxd4 f6 10. exf6 Nxf6 11. Re1 Bd6 12. Nf1 0-0 13. a3 Bd7 14. b4 Rae8 15. Bb2 e5 16. dxe5 Ng4 17. Ne3 Bxe5 18. Bxe5 Ncxe5 19. Nxe5 Nxe5 20. Qd2 Qh6 21. Bf1 Qg5 22. Kh1 Be6 23. Rad1 Rd8 24. Nc4 Qxd2 25. Nxd2 Ng4 26. Kg1 Nxf2 27. Rc1 Ne4 28. Nxe4 dxe4 29. Rxe4 Rf6 30. Rce1 Bd5 31. Rd4 Kf7 32. Bd3 h6 33. Re5 Rfd6 34. Rdxd5 Rxd5 35. Bc4 1-0

[Event "SLO-chT Central 1st League 20th"]
[Site "Slovenia"]
[Date "2019.09.12"]
[Round "1.2"]
[White "Marinsek, Denis"]
[Black "Novakovic, Gosto"]
[Result "1-0"]
[WhiteElo "1890"]
[BlackElo "1796"]
[PlyCount "77"]
[EventDate "2019.09.12"]
[EventType "team-tourn"]
[EventRounds "9"]
[EventCountry "SLO"]
[SourceTitle "EXT 2024"]
[Source "ChessBase"]
[SourceDate "2023.10.10"]
[SourceVersion "1"]
[SourceVersionDate "2023.10.10"]
[SourceQuality "1"]
[WhiteTeam "Vrhnika"]
[BlackTeam "Zelenci LPP"]
[WhiteTeamCountry "SLO"]
[BlackTeamCountry "SLO"]

1. d4 d5 2. c4 e6 3. Nf3 Nf6 4. Bf4 Be7 5. Nc3 0-0 6. Rc1 Nh5 7. Bd2 c6 8. e3 Nf6 9. Bd3 Nbd7 10. 0-0 Re8 11. Ne5 Nf8 12. f4 Bd6 13. c5 Bc7 14. Be1 Ng6 15. Rc2 Nd7 16. Rf3 f5 17. g4 Ngxe5 18. fxe5 g6 19. Rg2 Kh8 20. Ne2 Rg8 21. Nf4 Nf8 22. gxf5 exf5 23. Rfg3 b6 24. Qh5 Qe8 25. Bxf5 Bxf5 26. Qxf5 Rg7 27. Qh3 Qc8 28. Qxc8 Rxc8 29. b4 Re8 30. Nh5 Rf7 31. Nf6 Re6 32. Rf3 Nd7 33. Bh4 Nxf6 34. Bxf6+ Kg8 35. Rgf2 b5 36. a4 a6 37. axb5 cxb5 38. Kg2 Kf8 39. Bd8 1-0

[Event "Nova Gorica op 24th"]
[Site "Nova Gorica"]
[Date "2019.01.29"]
[Round "7"]
[White "Marinsek, Denis"]
[Black "Bajt, Hana"]
[Result "1/2-1/2"]
[WhiteElo "1855"]
[BlackElo "1735"]
[PlyCount "83"]
[EventDate "2019.01.25"]
[EventType "swiss"]
[EventRounds "9"]
[EventCountry "SLO"]
[SourceTitle "CBM 188 Extra"]
[Source "ChessBase"]
[SourceDate "2019.02.26"]
[SourceVersion "1"]
[SourceVersionDate "2019.02.26"]
[SourceQuality "1"]

1. d4 d5 2. c4 dxc4 3. Nf3 Nf6 4. Nc3 e6 5. Bg5 h6 6. Bh4 c5 7. dxc5 Qxd1+ 8. Rxd1 Na6 9. Ne4 Nd5 10. Nd6+ Bxd6 11. cxd6 g5 12. Bg3 Nc5 13. Rd4 f5 14. Be5 Rg8 15. Rxc4 b6 16. e3 Ba6 17. Rd4 Bxf1 18. Kxf1 Rc8 19. Ke2 Ne4 20. Nd2 Rc2 21. f3 Nc5 22. Rb1 Nd7 23. Bg3 f4 24. Bf2 fxe3 25. Bxe3 Ne5 26. Re4 Ng6 27. Kd1 Rc6 28. Rxe6+ Kd7 29. Re4 Rxd6 30. Rc1 Nh4 31. Bd4 Nxg2 32. Nc4 Nde3+ 33. Nxe3 Nxe3+ 34. Rxe3 Rxd4+ 35. Ke2 Rg6 36. Rd3 Rxd3 37. Kxd3 Kd6 38. Kd4 Rf6 39. Ke3 Kd5 40. Rd1+ Ke5 41. Rd7 a5 42. Re7+ 1/2-1/2

[Event "Nova Gorica op 24th"]
[Site "Nova Gorica"]
[Date "2019.01.26"]
[Round "3"]
[White "Marinsek, Denis"]
[Black "Plaskan, Jure"]
[Result "0-1"]
[WhiteElo "1855"]
[BlackElo "2240"]
[PlyCount "90"]
[EventDate "2019.01.25"]
[EventType "swiss"]
[EventRounds "9"]
[EventCountry "SLO"]
[SourceTitle "CBM 188 Extra"]
[Source "ChessBase"]
[SourceDate "2019.02.26"]
[SourceVersion "1"]
[SourceVersionDate "2019.02.26"]
[SourceQuality "1"]

1. d4 Nf6 2. c4 e6 3. Nf3 c5 4. d5 exd5 5. cxd5 Bd6 6. Nc3 0-0 7. Bg5 Bc7 8. e4 d6 9. h3 a6 10. a4 Re8 11. Bd3 Nbd7 12. 0-0 Nf8 13. Nd2 h6 14. Bh4 Ng6 15. Bg3 Rb8 16. a5 Bd7 17. Re1 h5 18. Nf3 Bb5 19. e5 Bxd3 20. exf6 Rxe1+ 21. Nxe1 Bf5 22. fxg7 Qg5 23. Nf3 Qf6 24. Nd2 h4 25. Bh2 Re8 26. Qf3 Kxg7 27. Nc4 Rd8 28. Re1 Bc2 29. Qe3 Rd7 30. Qd2 Qd4 31. Qxc2 Qxc4 32. Qf5 Re7 33. Rxe7 Nxe7 34. Qg4+ Qxg4 35. hxg4 f5 36. gxf5 Nxf5 37. Ne4 Bxa5 38. Nxd6 Nxd6 39. Bxd6 c4 40. Be7 h3 41. gxh3 Kf7 42. d6 Bd2 43. Kf1 Bc1 44. Ke2 Bxb2 45. Bg5 Ke6 0-1

[Event "SLO-chT1 Central 19th"]
[Site "Slovenia"]
[Date "2018.11.08"]
[Round "8.2"]
[White "Marinsek, Denis"]
[Black "Kremzer, Zdravko"]
[Result "1-0"]
[WhiteElo "1874"]
[BlackElo "1693"]
[PlyCount "85"]
[EventDate "2018.09.13"]
[EventType "team-tourn"]
[EventRounds "9"]
[EventCountry "SLO"]
[SourceTitle "EXT 2021"]
[Source "ChessBase"]
[SourceDate "2020.10.23"]
[SourceVersion "1"]
[SourceVersionDate "2020.10.23"]
[SourceQuality "1"]
[WhiteTeam "Vrhnika"]
[BlackTeam "Bor Dob II"]
[WhiteTeamCountry "SLO"]
[BlackTeamCountry "SLO"]

1. d4 f5 2. c4 Nf6 3. Nf3 c6 4. Nc3 d5 5. cxd5 cxd5 6. g3 e6 7. Bg2 Be7 8. 0-0 0-0 9. Bf4 Bd6 10. Bxd6 Qxd6 11. Rc1 Qb4 12. Rc2 Nc6 13. a3 Qb3 14. Qd3 a6 15. Ne5 Nxd4 16. Rd2 Nc6 17. Nxc6 bxc6 18. Nxd5 Qxd3 19. Nxf6+ gxf6 20. Rxd3 Ra7 21. Bxc6 Rc7 22. Ba4 Rff7 23. Rfd1 Kg7 24. f3 Rfe7 25. Rd6 a5 26. Rc6 Rxc6 27. Bxc6 Ba6 28. Kf2 Bc4 29. Rd7 Kf7 30. e4 fxe4 31. Rxe7+ Kxe7 32. Bxe4 f5 33. Bc2 h6 34. b4 axb4 35. axb4 Kd6 36. Ke3 Bd5 37. f4 Kc6 38. Kd4 Ba2 39. Bd3 Kd6 40. Bc4 Bb1 41. b5 Be4 42. b6 Bb7 43. Be2 1-0

[Event "SLO-chT1 Central 19th"]
[Site "Slovenia"]
[Date "2018.09.27"]
[Round "3.2"]
[White "Mlacnik, Janez"]
[Black "Marinsek, Denis"]
[Result "1/2-1/2"]
[WhiteElo "1791"]
[BlackElo "1874"]
[PlyCount "58"]
[EventDate "2018.09.13"]
[EventType "team-tourn"]
[EventRounds "9"]
[EventCountry "SLO"]
[SourceTitle "EXT 2021"]
[Source "ChessBase"]
[SourceDate "2020.10.23"]
[SourceVersion "1"]
[SourceVersionDate "2020.10.23"]
[SourceQuality "1"]
[WhiteTeam "Ljubljana Karel Jeraj"]
[BlackTeam "Vrhnika"]
[WhiteTeamCountry "SLO"]
[BlackTeamCountry "SLO"]

1. e4 e6 2. d4 d5 3. exd5 exd5 4. c4 Nf6 5. Nc3 c6 6. Nf3 Bb4 7. a3 Ba5 8. Bd3 0-0 9. 0-0 dxc4 10. Bxc4 Bg4 11. Be3 Nbd7 12. h3 Bh5 13. Be2 Bc7 14. d5 Nb6 15. dxc6 bxc6 16. Qxd8 Rfxd8 17. Rfd1 Nfd5 18. Nxd5 Nxd5 19. Bc5 Nf4 20. Bf1 Nxh3+ 21. gxh3 Bxf3 22. Rxd8+ Rxd8 23. Bg2 Bxg2 24. Kxg2 Bb6 25. Rc1 Bxc5 26. Rxc5 Rd6 27. Ra5 Rd7 28. Rc5 Rd6 29. Ra5 Rd7 1/2-1/2

[Event "SLO-chT1 Central 19th"]
[Site "Slovenia"]
[Date "2018.09.13"]
[Round "1.2"]
[White "Babic, Miroslav"]
[Black "Marinsek, Denis"]
[Result "0-1"]
[WhiteElo "1650"]
[BlackElo "1874"]
[PlyCount "112"]
[EventDate "2018.09.13"]
[EventType "team-tourn"]
[EventRounds "9"]
[EventCountry "SLO"]
[SourceTitle "EXT 2021"]
[Source "ChessBase"]
[SourceDate "2020.10.23"]
[SourceVersion "1"]
[SourceVersionDate "2020.10.23"]
[SourceQuality "1"]
[WhiteTeam "Ljubljana SK"]
[BlackTeam "Vrhnika"]
[WhiteTeamCountry "SLO"]
[BlackTeamCountry "SLO"]

1. e4 e6 2. d4 d5 3. e5 c5 4. c3 Nc6 5. Bb5 Qb6 6. Bxc6+ bxc6 7. Nf3 Ba6 8. Qb3 Ne7 9. dxc5 Qxc5 10. Be3 Qa5 11. Bxa7 Bc4 12. Bb6 Bxb3 13. Bxa5 Rxa5 14. a3 Bc2 15. Nbd2 c5 16. 0-0 Nc6 17. Rfc1 Bg6 18. b4 Ra7 19. Nb3 c4 20. Nbd4 Nxd4 21. Nxd4 Kd7 22. a4 Be7 23. a5 f6 24. f4 fxe5 25. fxe5 Bg5 26. Rd1 Be3+ 27. Kh1 Bxd4 28. Rxd4 Kc6 29. Kg1 Rf8 30. Rd2 Bd3 31. Rf2 Rxf2 32. Kxf2 Kb5 33. Ke3 Rf7 34. g3 Rf1 35. Ra3 Re1+ 36. Kd2 Re2+ 37. Kd1 Rf2 38. Ke1 Rf7 39. Kd2 d4 40. cxd4 Kxb4 41. Ra1 Ra7 42. a6 Kb5 43. Re1 Rxa6 44. d5 exd5 45. Ke3 Kc5 46. e6 Be4 47. e7 Re6 48. Ra1 Rxe7 49. Ra5+ Kb6 50. Ra2 Rf7 51. Kd4 Rf3 52. Rb2+ Kc6 53. Ra2 Rd3+ 54. Ke5 c3 55. Rc2 Kc5 56. Ra2 Kb4 0-1

[Event "SLO-ch 28th"]
[Site "Ljubljana"]
[Date "2018.05.02"]
[Round "7"]
[White "Marinsek, Denis"]
[Black "Praznik, Anton"]
[Result "0-1"]
[WhiteElo "1816"]
[BlackElo "2129"]
[PlyCount "102"]
[EventDate "2018.04.27"]
[EventType "swiss"]
[EventRounds "9"]
[EventCountry "SLO"]
[SourceTitle "CBM 184 Extra"]
[Source "ChessBase"]
[SourceDate "2018.06.28"]
[SourceVersion "1"]
[SourceVersionDate "2018.06.28"]
[SourceQuality "1"]

1. d4 Nf6 2. c4 c5 3. d5 e5 4. Nc3 d6 5. e4 Be7 6. Nge2 Nh5 7. Be3 Bg5 8. Qd2 Bxe3 9. Qxe3 0-0 10. f3 Qf6 11. 0-0-0 a6 12. h4 b5 13. g4 Nf4 14. g5 Qe7 15. Nxf4 exf4 16. Qxf4 bxc4 17. Bxc4 Nd7 18. Be2 f6 19. Qg3 f5 20. f4 fxe4 21. Bh5 c4 22. Na4 Rb8 23. Rd4 Rb4 24. b3 Rxa4 25. bxa4 Nc5 26. Rxc4 Nd3+ 27. Kd2 Qb7 28. Ke3 Nxf4 29. Qxf4 Rxf4 30. Kxf4 g6 31. Rhc1 Bf5 32. Be2 Qe7 33. Rc7 Qe5+ 34. Ke3 Qg3+ 35. Kd2 e3+ 36. Kc3 Qf2 37. Bxa6 Qd2+ 38. Kb3 e2 39. Bxe2 Qxe2 40. Rc8+ Bxc8 41. Rxc8+ Kf7 42. Rc7+ Ke8 43. Rxh7 Qd3+ 44. Kb4 Qd4+ 45. Kb5 Qxd5+ 46. Kb6 Qc5+ 47. Kb7 d5 48. Rg7 d4 49. Rxg6 d3 50. Rc6 Qd5 51. Kc7 Qd7+ 0-1

[Event "SLO-ch 28th"]
[Site "Ljubljana"]
[Date "2018.04.27"]
[Round "1"]
[White "Mazi, Leon"]
[Black "Marinsek, Denis"]
[Result "1-0"]
[WhiteElo "2346"]
[BlackElo "1816"]
[PlyCount "47"]
[EventDate "2018.04.27"]
[EventType "swiss"]
[EventRounds "9"]
[EventCountry "SLO"]
[SourceTitle "CBM 184 Extra"]
[Source "ChessBase"]
[SourceDate "2018.06.28"]
[SourceVersion "1"]
[SourceVersionDate "2018.06.28"]
[SourceQuality "1"]

1. e4 e6 2. d4 d5 3. Nd2 Nf6 4. e5 Nfd7 5. f4 c5 6. c3 Nc6 7. Ndf3 Qb6 8. Ne2 Be7 9. h4 f6 10. Qb3 fxe5 11. dxe5 Qxb3 12. axb3 0-0 13. g3 b5 14. Bh3 Nb6 15. Ng5 Nd8 16. Be3 h6 17. Nf3 Bb7 18. 0-0 a5 19. Nc1 Ra6 20. Nd3 d4 21. cxd4 Nd5 22. Bd2 cxd4 23. Nxd4 b4 24. Rfc1 1-0

[Event "Nova Gorica op 23rd"]
[Site "Nova Gorica"]
[Date "2018.01.31"]
[Round "8"]
[White "Marinsek, Denis"]
[Black "Srebrnic, Vojko"]
[Result "0-1"]
[WhiteElo "1728"]
[BlackElo "2146"]
[PlyCount "74"]
[EventDate "2018.01.26"]
[EventType "swiss"]
[EventRounds "9"]
[EventCountry "SLO"]
[SourceTitle "CBM 182 Extra"]
[Source "ChessBase"]
[SourceDate "2018.02.23"]
[SourceVersion "1"]
[SourceVersionDate "2018.02.23"]
[SourceQuality "1"]

1. d4 d6 2. c4 e5 3. d5 f5 4. g3 Nf6 5. Bg2 g6 6. Nf3 Bg7 7. 0-0 0-0 8. Nc3 a5 9. b3 Na6 10. Bb2 Nc5 11. Nd2 Qe7 12. e4 f4 13. Qe2 Bh6 14. a3 fxg3 15. hxg3 Bxd2 16. Qxd2 Nxb3 17. Qg5 Nxa1 18. Rxa1 Nxd5 19. Qd2 Nxc3 20. Bxc3 b6 21. f4 Bb7 22. f5 gxf5 23. exf5 Bxg2 24. Kxg2 Kh8 25. Qd5 Rad8 26. Bd2 Qf7 27. Qe4 Qf6 28. g4 Rg8 29. Kf3 Rdf8 30. Rh1 Rg7 31. Ke2 Rfg8 32. Rh6 Qf7 33. Rh4 Rxg4 34. Qxg4 Rxg4 35. Rxg4 Qxf5 36. Rg2 Qe4+ 37. Kf2 Qxc4 0-1

[Event "Nova Gorica op 23rd"]
[Site "Nova Gorica"]
[Date "2018.01.28"]
[Round "4"]
[White "Marinsek, Denis"]
[Black "Laco, Giuseppe"]
[Result "1-0"]
[WhiteElo "1728"]
[BlackElo "1958"]
[PlyCount "95"]
[EventDate "2018.01.26"]
[EventType "swiss"]
[EventRounds "9"]
[EventCountry "SLO"]
[SourceTitle "CBM 182 Extra"]
[Source "ChessBase"]
[SourceDate "2018.02.23"]
[SourceVersion "1"]
[SourceVersionDate "2018.02.23"]
[SourceQuality "1"]

1. d4 d5 2. c4 c6 3. Nf3 Nf6 4. Nc3 g6 5. e3 Bg7 6. b3 0-0 7. Bd3 Nbd7 8. 0-0 dxc4 9. bxc4 Re8 10. e4 c5 11. e5 Ng4 12. Ng5 cxd4 13. e6 fxe6 14. Nxe6 Qb6 15. Nxg7 dxc3 16. Nxe8 Nge5 17. Re1 Qd8 18. Qc2 Qxe8 19. Qxc3 Nxd3 20. Qxd3 Nf6 21. Qd4 Bf5 22. Ba3 Rd8 23. Qxa7 Rd7 24. Qb6 Qf7 25. Rad1 Bd3 26. Qe6 Qxe6 27. Rxe6 Bxc4 28. Rxd7 Bxe6 29. Rxe7 Bxa2 30. Rxb7 Bf7 31. Bb2 Ne8 32. Be5 h5 33. f4 Kf8 34. Kf2 Bd5 35. Ra7 Be4 36. h3 Bf5 37. Kf3 Bc2 38. g4 Bd1+ 39. Kg3 hxg4 40. hxg4 Bc2 41. Kh4 Bd3 42. Kg5 Be4 43. Kh6 Bd3 44. Kh7 Be2 45. g5 Bd3 46. Bg7+ Nxg7 47. Rxg7 Bf5 48. Kh6 1-0

[Event "Ljubljana-chT 71st 1st League"]
[Site "Ljubljana"]
[Date "2018.01.18"]
[Round "2.1"]
[White "Pirnat, Saso"]
[Black "Marinsek, Denis"]
[Result "1-0"]
[WhiteElo "2192"]
[BlackElo "1710"]
[PlyCount "47"]
[EventDate "2018.01.11"]
[EventType "team-tourn"]
[EventRounds "9"]
[EventCountry "SLO"]
[SourceTitle "EXT 2024"]
[Source "ChessBase"]
[SourceDate "2023.10.10"]
[SourceVersion "1"]
[SourceVersionDate "2023.10.10"]
[SourceQuality "1"]
[WhiteTeam "Visnja Gora Sticna"]
[BlackTeam "Vrhnika"]
[WhiteTeamCountry "SLO"]
[BlackTeamCountry "SLO"]

1. d4 Nf6 2. Nc3 g6 3. e4 d6 4. Nf3 Bg7 5. Be2 0-0 6. 0-0 e5 7. dxe5 dxe5 8. Bg5 h6 9. Qxd8 Rxd8 10. Bxf6 Bxf6 11. Nd5 Rxd5 12. exd5 Bf5 13. c3 Nd7 14. Nd2 Nb6 15. g4 Bd7 16. Rad1 Be7 17. Rfe1 f5 18. gxf5 gxf5 19. Kh1 Bd6 20. Rg1+ Kh7 21. Nf1 Rg8 22. Ng3 Bc5 23. Nh5 Rxg1+ 24. Rxg1 1-0

[Event "SLO-chT3 West"]
[Site "Komenda"]
[Date "2017.12.10"]
[Round "4.3"]
[White "Marinsek, Denis"]
[Black "Kobe, Jure"]
[Result "1-0"]
[WhiteElo "1666"]
[BlackElo "1365"]
[PlyCount "55"]
[EventDate "2017.12.08"]
[EventType "team-swiss"]
[EventRounds "5"]
[EventCountry "SLO"]
[SourceTitle "EXT 2019"]
[Source "ChessBase"]
[SourceDate "2018.10.10"]
[SourceVersion "1"]
[SourceVersionDate "2018.10.10"]
[SourceQuality "1"]
[WhiteTeam "Vrhnika II"]
[BlackTeam "Novo Mesto Krka II"]
[WhiteTeamCountry "SLO"]
[BlackTeamCountry "SLO"]

1. d4 d5 2. c4 e6 3. Nc3 Nf6 4. Nf3 Be7 5. e3 0-0 6. Qc2 b6 7. cxd5 exd5 8. Bd3 Bg4 9. Ne5 c5 10. Nxg4 Nxg4 11. Bxh7+ Kh8 12. Bf5 Nf6 13. 0-0 g6 14. Bh3 Kg7 15. b3 Rh8 16. Bb2 Qd6 17. dxc5 bxc5 18. Rad1 Kg8 19. Nxd5 Nxd5 20. Bxh8 Kxh8 21. Qd2 Nc6 22. Qxd5 Rd8 23. Qxd6 Rxd6 24. Rxd6 Bxd6 25. Rd1 Be5 26. f4 Bf6 27. Rd7 Kg7 28. Be6 1-0

[Event "SLO-chT Central 1st League 18th"]
[Site "Slovenia"]
[Date "2017.10.12"]
[Round "5.3"]
[White "Marinsek, Denis"]
[Black "Novak, Manfred"]
[Result "0-1"]
[WhiteElo "1698"]
[BlackElo "1700"]
[PlyCount "92"]
[EventDate "2017.09.14"]
[EventType "team-swiss"]
[EventRounds "9"]
[EventCountry "SLO"]
[SourceTitle "EXT 2022"]
[Source "ChessBase"]
[SourceDate "2021.10.06"]
[SourceVersion "1"]
[SourceVersionDate "2021.10.06"]
[SourceQuality "1"]
[WhiteTeam "Vrhnika II"]
[BlackTeam "Bor Dob II"]
[WhiteTeamCountry "SLO"]
[BlackTeamCountry "SLO"]

1. d4 d5 2. c4 e6 3. Nc3 Nf6 4. Nf3 Be7 5. e3 0-0 6. Bd3 c5 7. b3 cxd4 8. exd4 Nc6 9. 0-0 a6 10. a3 Kh8 11. Bc2 b6 12. Qd3 g6 13. Bb2 Kg8 14. Rad1 Bb7 15. Rfe1 Qc7 16. Ne5 Rad8 17. Qg3 Nxe5 18. dxe5 Nh5 19. Qg4 dxc4 20. bxc4 Rxd1 21. Rxd1 Qxe5 22. Na4 Qc7 23. Qd4 Bf6 24. Qd7 Qxd7 25. Rxd7 Bc6 26. Rd2 Bxb2 27. Nxb2 Rc8 28. Rd6 b5 29. f3 bxc4 30. Nxc4 Bb5 31. Ne3 Rc3 32. a4 Rxe3 33. axb5 axb5 34. Rb6 Rc3 35. Be4 Rb3 36. g3 Nf6 37. Bc6 b4 38. h4 Kg7 39. Kf2 Rb2+ 40. Ke3 h5 41. Kf4 Rb1 42. g4 hxg4 43. fxg4 b3 44. g5 Nd5+ 45. Bxd5 exd5 46. Ke5 b2 0-1

[Event "SLO-chT Central 1st League 18th"]
[Site "Slovenia"]
[Date "2017.10.05"]
[Round "4.2"]
[White "Marinsek, Denis"]
[Black "Jukan, Damir"]
[Result "0-1"]
[WhiteElo "1698"]
[BlackElo "1468"]
[PlyCount "122"]
[EventDate "2017.09.14"]
[EventType "team-swiss"]
[EventRounds "9"]
[EventCountry "SLO"]
[SourceTitle "EXT 2022"]
[Source "ChessBase"]
[SourceDate "2021.10.06"]
[SourceVersion "1"]
[SourceVersionDate "2021.10.06"]
[SourceQuality "1"]
[WhiteTeam "Vrhnika II"]
[BlackTeam "Dom In Agencija Neprem"]
[WhiteTeamCountry "SLO"]
[BlackTeamCountry "SLO"]

1. d4 d6 2. c4 e6 3. Nc3 Nf6 4. e4 Be7 5. Nf3 0-0 6. Bd3 Nbd7 7. 0-0 e5 8. Bc2 b6 9. b3 Bb7 10. Bb2 Re8 11. Re1 c5 12. dxe5 Nxe5 13. Nd5 Bf8 14. Nd2 Nxd5 15. exd5 Ng6 16. Ne4 Bc8 17. Qh5 Be7 18. Re3 f5 19. Rh3 Bh4 20. Ng3 Qg5 21. Qxg5 Bxg5 22. Bxf5 Bxf5 23. Nxf5 Re2 24. Bc3 Rf8 25. Rf3 Rc2 26. Bxg7 Rf7 27. Nh6+ Bxh6 28. Rxf7 Bxg7 29. Rxg7+ Kxg7 30. g3 a6 31. a4 Rb2 32. Re1 Ne5 33. Kf1 Rxb3 34. f4 Nxc4 35. Re7+ Kg6 36. Ke2 b5 37. axb5 axb5 38. Re6+ Kf7 39. Rh6 Kg7 40. Re6 Rb2+ 41. Kf3 Rxh2 42. Kg4 Rh6 43. Re7+ Kf8 44. Rb7 Rg6+ 45. Kf3 b4 46. f5 Rf6 47. Kf4 b3 48. Rxb3 Ne5 49. g4 h6 50. Rb7 Rf7 51. Rb8+ Kg7 52. Rd8 Rd7 53. Rc8 Nf7 54. Re8 Rc7 55. Re6 c4 56. f6+ Kf8 57. Re2 c3 58. Rc2 Ng5 59. Kf5 Kf7 60. Kf4 Kxf6 61. Rxc3 Ne6+ 0-1

[Event "SLO-chT U20"]
[Site "Novo Mesto"]
[Date "2003.08.26"]
[Round "5"]
[White "Marinsek, Denis"]
[Black "Petrovic, Nejc"]
[Result "1-0"]
[WhiteElo "1802"]
[BlackElo "1764"]
[PlyCount "53"]
[EventDate "2003.08.23"]
[EventType "team"]
[EventRounds "7"]
[EventCountry "SLO"]
[SourceTitle "EXT 2005"]
[Source "ChessBase"]
[SourceDate "2004.11.15"]
[SourceVersion "1"]
[SourceVersionDate "2004.11.15"]
[SourceQuality "1"]

1. d4 d5 2. c4 c6 3. Nf3 Nf6 4. Nc3 Bf5 5. cxd5 Nxd5 6. Qb3 Nxc3 7. Qxb7 Nd5 8. e4 Bxe4 9. Nd2 Nb6 10. Nxe4 Qxd4 11. Nc3 Qd7 12. Ba6 Nxa6 13. Qxa6 e6 14. Bf4 Bb4 15. Rd1 Qc8 16. Qd3 0-0 17. 0-0 Rd8 18. Qg3 Nd5 19. Be5 Bf8 20. Ne4 g6 21. Rxd5 Rxd5 22. Nf6+ Kg7 23. Nxd5+ Kg8 24. Nf6+ Kg7 25. Qh4 h6 26. Ne8+ Kh7 27. Qf6 1-0

[Event "SLO-chT U20"]
[Site "Novo Mesto"]
[Date "2003.08.25"]
[Round "4"]
[White "Marinsek, Denis"]
[Black "Orel, Anze"]
[Result "1-0"]
[WhiteElo "1802"]
[BlackElo "2008"]
[PlyCount "103"]
[EventDate "2003.08.23"]
[EventType "team"]
[EventRounds "7"]
[EventCountry "SLO"]
[SourceTitle "EXT 2005"]
[Source "ChessBase"]
[SourceDate "2004.11.15"]
[SourceVersion "1"]
[SourceVersionDate "2004.11.15"]
[SourceQuality "1"]

1. d4 d5 2. Nf3 c6 3. c4 Nf6 4. Nc3 e6 5. Bg5 Be7 6. e3 Nbd7 7. Rc1 0-0 8. cxd5 exd5 9. Bd3 Re8 10. 0-0 Nf8 11. Nd2 Bd7 12. f3 Rc8 13. Nb3 Ne6 14. Bh4 Nf8 15. Bf2 Bd6 16. e4 dxe4 17. fxe4 Ng4 18. e5 Bc7 19. Bc4 Nxf2 20. Rxf2 Be6 21. Bxe6 Nxe6 22. Qh5 Rf8 23. Rcf1 Qg5 24. Qh3 Rcd8 25. Ne4 Qg6 26. Nec5 Bb6 27. Qc3 Ng5 28. Rf4 Bxc5 29. Nxc5 b6 30. Nb7 Rd5 31. Nd6 c5 32. h4 cxd4 33. Qb3 Rxd6 34. exd6 Ne6 35. R4f3 h6 36. d7 Qe4 37. Qc4 Qe5 38. Rf5 Qd6 39. Rd5 Qe7 40. h5 Qh4 41. Qc8 Nd8 42. Rd1 d3 43. Qc3 Qe4 44. Qxd3 Qe7 45. Qd2 Ne6 46. d8Q Nxd8 47. Rxd8 Qc5+ 48. Qf2 Qxh5 49. Rxf8+ Kxf8 50. Rd8+ Ke7 51. Qd4 Qf5 52. Qd6# 1-0